Statistics for Lyrics to Katy Perry's "Firework"

Click here to take the quiz!

General Stats

  • This quiz has been taken 2,192 times
  • The average score is 243 of 361

Answer Stats

Lyrics% Correct
a
99%
you.
99%
You
99%
you
99%
you?
99%
you,
99%
the
97%
firework.
96%
firework,
96%
Do
95%
Like
95%
like
95%
Baby
93%
baby
93%
ever
93%
feel,
93%
feel
93%
your
93%
bag?
90%
plastic
90%
on
89%
to
89%
go
87%
let
87%
of
87%
You're
87%
you're
87%
Come
86%
come
86%
wind,
85%
And
82%
and
82%
it
82%
through.
82%
through
82%
again.
81%
'Cause
81%
in
81%
in.
81%
start
81%
Drifting
78%
thin?
78%
'em
77%
shine.
77%
just
76%
Just
76%
light,
76%
so
76%
July.
75%
Make
75%
fourth
74%
night,
73%
wanting
73%
paper
72%
no
71%
one
69%
colors
68%
house
68%
cards,
67%
show
66%
hear
65%
Six
65%
what
65%
feet
64%
oh!
64%
oh,
64%
burst.
63%
deep?
62%
ignite
62%
own
62%
sky.
62%
under,
62%
gotta
61%
worth.
61%
for
60%
thing.
60%
know.
59%
know
59%
that
59%
there's
58%
caving
57%
seems
56%
blow
55%
be
54%
from
54%
shoot
53%
spark
53%
across
52%
chance
52%
colors
52%
already
51%
buried
51%
but
51%
still
51%
As
50%
'em
46%
boom,
44%
boom!
44%
Boom,
44%
gonna
44%
can
43%
moon.
43%
moon,
43%
scream
43%
leave
42%
Even
38%
have
38%
all
37%
brighter
37%
than
37%
don't
35%
space.
35%
waste
35%
original,
33%
It's
32%
it's
32%
rainbow
32%
replaced.
32%
are
31%
hurricane,
31%
cannot
30%
If
30%
After
28%
why
28%
future
26%
doors
25%
holds.
25%
only
25%
time
25%
time,
25%
comes.
24%
knew
24%
open
24%
reason
24%
when
24%
closed,
23%
always
22%
been
22%
inside
22%
Maybe
22%
perfect
22%
will
22%
heart
20%
leads
19%
now
19%
lightning
18%
bolt,
17%
you'll
15%
road.
14%
down,
13%
down.
13%
falling
10%
grow.
7%

Score Distribution

Percentile by Number Answered

Percent of People with Each Score

Your Score History

You have not taken this quiz